Disasters around the world : (Record no. 110356)
[ view plain ]
| 000 -LEADER | |
|---|---|
| campo de control de longitud fija | 01199cam a2200289L 4500 |
| 001 - NÚMERO DE CONTROL | |
| campo de control | 45359 |
| 005 - FECHA Y HORA DE LA ÚLTIMA TRANSACCIÓN | |
| campo de control | 20230411085957.0 |
| 008 - DATOS DE LONGITUD FIJA--INFORMACIÓN GENERAL | |
| campo de control de longitud fija | 951114s1994 sz r i000 0 eng d |
| 035 ## - NÚMERO DE CONTROL DEL SISTEMA | |
| Número de control de sistema | (OCoLC)ocm81071482 |
| 040 ## - FUENTE DE CATALOGACIÓN | |
| Centro catalogador/agencia de origen | NNUN |
| Centro/agencia transcriptor | NYDRD |
| 035 ## - NÚMERO DE CONTROL DEL SISTEMA | |
| Número de control de sistema | (OCoLC)81071482 |
| 086 ## - NÚMERO DE CLASIFICACIÓN PARA DOCUMENTOS GUBERNAMENTALES | |
| Número de clasificación | [ST/]DHA/94/132 |
| Fuente del número | undoc |
| 049 ## - FONDOS LOCALES (OCLC) | |
| Biblioteca depositaria | GRAL |
| 245 00 - MENCIÓN DEL TÍTULO | |
| Título | Disasters around the world : |
| Resto del título | a global and regional view. |
| 260 ## - PUBLICACIÓN, DISTRIBUCIÓN, ETC. | |
| Lugar de publicación, distribución, etc. | Geneva : |
| Nombre del editor, distribuidor, etc. | UN, |
| Fecha de publicación, distribución, etc. | 1994. |
| 300 ## - DESCRIPCIÓN FÍSICA | |
| Extensión | ii, 87 p. : |
| Otras características físicas | ill., charts, graphs. |
| 490 1# - MENCIÓN DE SERIE | |
| Mención de serie | Information paper (World Conference on Natural Disaster Reduction, Yokohama, Japan, 23-27 May 1994) ; |
| Designación de volumen o secuencia | no. 4, Apr. 1994 |
| 500 ## - NOTA GENERAL | |
| Nota general | Report based on EMDAT Database, Centre for Research on the Epidemiology of Disasters (CRED), Ecole de Sante Publique, Universitat Catholique de Louvain, Bruxelles. |
| 500 ## - NOTA GENERAL | |
| Nota general | UN Job no.: G9402449 E. |
| 500 ## - NOTA GENERAL | |
| Nota general | Material type: Reports/studies. |
| 506 ## - NOTA DE RESTRICCIONES AL ACCESO | |
| Limitaciones de acceso | Distribution: General (not for deposit). |
| 650 07 - PUNTO DE ACCESO ADICIONAL DE MATERIA--TÉRMINO DE MATERIA | |
| Término de materia o nombre geográfico como elemento de entrada | NATURAL DISASTERS. |
| Fuente del encabezamiento o término | unbist |
| 650 07 - PUNTO DE ACCESO ADICIONAL DE MATERIA--TÉRMINO DE MATERIA | |
| Término de materia o nombre geográfico como elemento de entrada | STATISTICAL DATA. |
| Fuente del encabezamiento o término | unbist |
| 830 #0 - PUNTO DE ACCESO ADICIONAL DE SERIE-TÍTULO UNIFORME | |
| Título uniforme | Information paper (World Conference on Natural Disaster Reduction (1994 : Yokohama, Japan)) ; |
| Designación de volumen o secuencia | no. 4, Apr. 1994. |
| 942 ## - ELEMENTOS DE ENTRADA SECUNDARIOS (KOHA) | |
| Fuente del sistema de clasificación o colocación | Clasificación de Library of Congress |
| Tipo de ítem Koha | |
| 994 ## - | |
| -- | C0 |
| -- | DRFGD |
| Estatus retirado | Estado de pérdida | Fuente del sistema de clasificación o colocación | Estado de daño | No para préstamo | Colección | Biblioteca de origen | Biblioteca actual | Ubicación en estantería | Fecha de adquisición | Código de barras | Visto por última vez | Copia número | Tipo de ítem Koha |
|---|---|---|---|---|---|---|---|---|---|---|---|---|---|
| Clasificación de Library of Congress | Automatización y Procesos Técnicos | Biblioteca Juan Bosch | Biblioteca Juan Bosch | Automatización y Procesos Técnicos (1er. Piso) | 11/04/2023 | 00000046530 | 17/02/2019 | 1 |
